[Event "4NCL/Div4/BRJ vs. OXF2"]
[Site "West Bromwich ENG"]
[Date "2006.05.29"]
[Round "11.4"]
[White "Scott, David A"]
[Black "Hall, Daniel J"]
[Result "1-0"]
[WhiteElo "2125"]
[BlackElo "2080"]
[PlyCount "129"]
[EventDate "2006.05.29"]
[EventType "team"]
[EventRounds "11"]
[EventCountry "ENG"]
[SourceDate "2006.05.01"]
[WhiteTeam "Oxford 2"]
[BlackTeam "Brown Jack"]

1. Nf3 Nf6 2. c4 g6 3. g3 Bg7 4. Bg2 O-O 5. O-O d6 6. Nc3 e5 7. d3 Re8 8. Ne1
c6 9. e4 Be6 10. Nc2 d5 11. exd5 cxd5 12. Bg5 Qc8 13. Bxf6 Bxf6 14. Nxd5 Bg7
15. Rb1 Nc6 16. b4 Ne7 17. Nce3 Nxd5 18. Nxd5 Qd7 19. b5 Rad8 20. Qb3 Bxd5 21.
Bxd5 Bf8 22. f4 Bc5+ 23. Kh1 exf4 24. Rxf4 Re7 25. Rbf1 Qh3 26. Qb2 Rf8 27. Qg2
Qxg2+ 28. Kxg2 Kg7 29. d4 Bb4 30. Re4 Rxe4 31. Bxe4 b6 32. Bd5 f5 33. Rc1 Re8
34. c5 bxc5 35. dxc5 Rc8 36. c6 Ba5 37. Be6 Rc7 38. Bd7 Kf6 39. Rc5 Bb6 40. Rd5
Ke7 41. Kf3 a6 42. bxa6 Ra7 43. Bc8 Rc7 44. Bb7 Ke8 45. Kf4 Ba7 46. h4 Bb8 47.
Kg5 Ba7 48. Re5+ Kf7 49. h5 Bd4 50. hxg6+ hxg6 51. Kf4 Ba7 52. Rb5 Kf6 53. Rd5
g5+ 54. Kf3 Re7 55. Rd6+ Kf7 56. Rd7 Rxd7 57. cxd7 Ke7 58. Bc6 f4 59. g4 Kd8
60. Ke4 f3 61. Kxf3 Kc7 62. Bb5 Bb6 63. Ke4 Kb8 64. Kf5 Bd8 65. Ke6 1-0

[Event "4NCL/Div4/BRJ vs. OXF2"]
[Site "West Bromwich ENG"]
[Date "2006.05.29"]
[Round "11.5"]
[White "Bourne, Johnathan"]
[Black "Ludbrook, Matt"]
[Result "1-0"]
[WhiteElo "2145"]
[BlackElo "2050"]
[PlyCount "51"]
[EventDate "2006.05.29"]
[EventType "team"]
[EventRounds "11"]
[EventCountry "ENG"]
[SourceDate "2006.05.01"]
[WhiteTeam "Brown Jack"]
[BlackTeam "Oxford 2"]

1. d4 g6 2. e4 Bg7 3. Nc3 d6 4. Be3 c6 5. Qd2 Nd7 6. Nf3 a6 7. a4 b6 8. Be2 Bb7
9. O-O e6 10. Rfd1 Ngf6 11. e5 dxe5 12. dxe5 Nd5 13. Bg5 Qc7 14. Ne4 Nxe5 15.
c4 Ne7 16. Nd6+ Kf8 17. Nxb7 Nxf3+ 18. Bxf3 f6 19. Nd8 Qc8 20. Qd6 fxg5 21.
Nxe6+ Kf7 22. Nxg5+ Kf8 23. Re1 Ra7 24. Bg4 Qe8 25. Ra3 Bh6 26. Qf6+ 1-0

[Event "4NCL/Div4/BRJ vs. OXF2"]
[Site "West Bromwich ENG"]
[Date "2006.05.29"]
[Round "11.6"]
[White "Rawlinson, Christopher J"]
[Black "Cabero, Pablo Padilla"]
[Result "1/2-1/2"]
[WhiteElo "2055"]
[BlackElo "1955"]
[PlyCount "81"]
[EventDate "2006.05.29"]
[EventType "team"]
[EventRounds "11"]
[EventCountry "ENG"]
[SourceDate "2006.05.01"]
[WhiteTeam "Oxford 2"]
[BlackTeam "Brown Jack"]

1. e4 Nf6 2. e5 Nd5 3. d4 c5 4. c4 Nb4 5. dxc5 d6 6. Qa4+ N8c6 7. a3 Na6 8. b4
Bd7 9. exd6 Ncxb4 10. Qd1 Qa5 11. Bd2 Qxc5 12. Nc3 Qe5+ 13. Be2 Nd3+ 14. Kf1
Ndc5 15. dxe7 Bxe7 16. Nd5 Ba4 17. Qe1 O-O 18. Bc3 Qd6 19. Bg4 Rfe8 20. Be5 Qg6
21. h3 Bd6 22. f4 Nd3 23. Qa5 Bb3 24. Bxd6 Qxd6 25. Qc3 Nac5 26. Ne2 b5 27. Nd4
Ne4 28. Nf5 Qf8 29. Qa5 Bxc4 30. Nde3 Nd2+ 31. Kg1 Nb3 32. Qc3 Nxa1 33. Qxa1 g6
34. Qf6 Nxf4 35. Qg5 Ne6 36. Nh6+ Kh8 37. Qh4 Ng7 38. Nxc4 bxc4 39. Qf6 Re1+
40. Kh2 Rxh1+ 41. Kxh1 1/2-1/2

[Event "4NCL/Div4/MONM vs. NOTT1"]
[Site "West Bromwich ENG"]
[Date "2006.05.29"]
[Round "11.1"]
[White "Varley, Peter"]
[Black "Richmond, Robert J"]
[Result "0-1"]
[WhiteElo "2172"]
[BlackElo "2190"]
[PlyCount "146"]
[EventDate "2006.05.29"]
[EventType "team"]
[EventRounds "11"]
[EventCountry "ENG"]
[SourceDate "2006.05.01"]
[WhiteTeam "Monmouth"]
[BlackTeam "Notts 1"]

1. e4 e6 2. d4 d5 3. Nc3 Bb4 4. e5 c5 5. a3 Bxc3+ 6. bxc3 Qc7 7. Nf3 Ne7 8. Bd3
b6 9. O-O Ba6 10. a4 Bxd3 11. cxd3 O-O 12. dxc5 bxc5 13. Ba3 Nd7 14. d4 Nc6 15.
Qd3 h6 16. Rfe1 Na5 17. Nd2 Rfc8 18. Rac1 Qc6 19. Qh3 Qxa4 20. Ra1 Qc2 21. Bc1
Nc6 22. Nf3 Qxc3 23. Bxh6 Nxd4 24. Qg4 Nxf3+ 25. gxf3 g6 26. f4 Kh7 27. Qh4 Qf3
28. Re3 Qh5 29. Qe7 Kxh6 30. Qxd7 Kg7 31. Raa3 Rh8 32. h3 Qf5 33. Rg3 Rab8 34.
Raf3 Rh4 35. Rg5 Rb1+ 36. Kg2 Qe4 37. f5 exf5 38. Qe7 Rb6 39. Rg4 Rxg4+ 40.
hxg4 Qxg4+ 41. Rg3 Qe4+ 42. Kh2 c4 43. Rh3 Re6 44. Rh7+ Kxh7 45. Qxf7+ Kh6 46.
Qxe6 c3 47. Qf6 c2 48. Qh8+ Kg5 49. Qf6+ Kf4 50. Qxg6 Qxe5 51. Kg2 Qe4+ 52. Kh2
Kf3 53. Qg2+ Ke2 54. f3+ Ke3 55. fxe4 c1=Q 56. exf5 Kd4 57. f6 Qf4+ 58. Kg1 Ke5
59. Qb2+ Ke6 60. Qa1 Qe3+ 61. Kg2 Qd2+ 62. Kf3 a5 63. Qa3 Qb4 64. Qe3+ Kxf6 65.
Qh6+ Ke5 66. Qg7+ Kd6 67. Qf8+ Kc6 68. Qe8+ Kc5 69. Qe7+ Kb5 70. Qe8+ Kc4 71.
Qc6+ Kd4 72. Qf6+ Kd3 73. Qf5+ Qe4+ 0-1

[Event "4NCL/Div4/MONM vs. NOTT1"]
[Site "West Bromwich ENG"]
[Date "2006.05.29"]
[Round "11.2"]
[White "Mercs, Peter J"]
[Black "Beveridge, Nigel K"]
[Result "1-0"]
[WhiteElo "2110"]
[BlackElo "2050"]
[PlyCount "45"]
[EventDate "2006.05.29"]
[EventType "team"]
[EventRounds "11"]
[EventCountry "ENG"]
[SourceDate "2006.05.01"]
[WhiteTeam "Notts 1"]
[BlackTeam "Monmouth"]

1. e4 c6 2. d4 d5 3. exd5 cxd5 4. c4 Nf6 5. Nc3 g6 6. Nf3 Bg7 7. Bd3 O-O 8. h3
Nbd7 9. c5 Qc7 10. O-O e5 11. Nb5 Qc6 12. dxe5 Ne4 13. Bf4 Ndxc5 14. Rc1 a6 15.
b4 axb5 16. Bxe4 dxe4 17. Rxc5 exf3 18. Rxc6 fxg2 19. Rb6 gxf1=Q+ 20. Qxf1 Rxa2
21. Rxb5 Re8 22. Rb6 Bxe5 23. Qb5 1-0

[Event "4NCL/Div4/MONM vs. NOTT1"]
[Site "West Bromwich ENG"]
[Date "2006.05.29"]
[Round "11.3"]
[White "Davis, Lee"]
[Black "Truman, Richard G"]
[Result "1/2-1/2"]
[WhiteElo "2025"]
[BlackElo "2070"]
[PlyCount "60"]
[EventDate "2006.05.29"]
[EventType "team"]
[EventRounds "11"]
[EventCountry "ENG"]
[SourceDate "2006.05.01"]
[WhiteTeam "Monmouth"]
[BlackTeam "Notts 1"]

1. d4 Nf6 2. g3 g6 3. Bg2 c5 4. Nf3 Bg7 5. O-O O-O 6. c4 Nc6 7. Nc3 d6 8. d5
Na5 9. Nd2 Rb8 10. Qc2 a6 11. b3 b5 12. Bb2 e5 13. Rfb1 Bh6 14. e3 Nh5 15. Bf1
b4 16. Ne2 f5 17. f4 Qe7 18. Qd3 e4 19. Qc2 g5 20. Bg2 gxf4 21. exf4 Nb7 22.
Nf1 Bg7 23. Ne3 Nd8 24. a3 a5 25. axb4 axb4 26. Ra2 Bxb2 27. Qxb2 Nf7 28. Rba1
Nh6 29. Ra7 Rb7 30. Rxb7 Bxb7 1/2-1/2

[Event "4NCL/Div4/MONM vs. NOTT1"]
[Site "West Bromwich ENG"]
[Date "2006.05.29"]
[Round "11.4"]
[White "Burke, Steven J"]
[Black "Waterfield, John"]
[Result "1-0"]
[WhiteElo "2065"]
[BlackElo "2035"]
[PlyCount "53"]
[EventDate "2006.05.29"]
[EventType "team"]
[EventRounds "11"]
[EventCountry "ENG"]
[SourceDate "2006.05.01"]
[WhiteTeam "Notts 1"]
[BlackTeam "Monmouth"]

1. f4 g6 2. Nf3 Bg7 3. g3 c5 4. Bg2 Nc6 5. c3 d5 6. d3 e5 7. fxe5 Nxe5 8. Nxe5
Bxe5 9. Qa4+ Bd7 10. Qa3 Qc7 11. Bxd5 Nf6 12. Bf3 O-O 13. Nd2 Ng4 14. Ne4 Nxh2
15. Rxh2 f5 16. Qb3+ Kh8 17. Nf2 Bxg3 18. Rg2 f4 19. Qxb7 Qd6 20. Qd5 Qe7 21.
d4 Bh3 22. Rxg3 fxg3 23. Nxh3 Rae8 24. Qe5+ Qxe5 25. dxe5 Rxe5 26. Bf4 Ref5 27.
Bh6 1-0

[Event "4NCL/Div4/MONM vs. NOTT1"]
[Site "West Bromwich ENG"]
[Date "2006.05.29"]
[Round "11.5"]
[White "Roberts, Dave"]
[Black "McBeth, Michael"]
[Result "1/2-1/2"]
[WhiteElo "1863"]
[BlackElo "2050"]
[PlyCount "61"]
[EventDate "2006.05.29"]
[EventType "team"]
[EventRounds "11"]
[EventCountry "ENG"]
[SourceDate "2006.05.01"]
[WhiteTeam "Monmouth"]
[BlackTeam "Notts 1"]

1. d4 Nf6 2. c4 e6 3. g3 c5 4. Nf3 cxd4 5. Nxd4 d5 6. Bg2 e5 7. Nc2 d4 8. O-O
Nc6 9. e3 dxe3 10. Nxe3 Be7 11. Nc3 O-O 12. a3 a5 13. b3 Be6 14. Ncd5 Nd7 15.
Nxe7+ Qxe7 16. Nd5 Qd8 17. Be3 Rc8 18. Qh5 f5 19. Rad1 Qe8 20. Qe2 Qf7 21. f4
e4 22. Nc3 Nd8 23. Nb5 Qe7 24. Qd2 Nc5 25. Nd6 Rc6 26. Bxc5 Rxc5 27. b4 axb4
28. axb4 Rc7 29. c5 Rd7 30. Qe3 Nf7 31. Nxf7 1/2-1/2

[Event "4NCL/Div4/MONM vs. NOTT1"]
[Site "West Bromwich ENG"]
[Date "2006.05.29"]
[Round "11.6"]
[White "Lakhani, Kishan"]
[Black "Allford, Zane"]
[Result "1-0"]
[WhiteElo "2010"]
[BlackElo "1764"]
[PlyCount "73"]
[EventDate "2006.05.29"]
[EventType "team"]
[EventRounds "11"]
[EventCountry "ENG"]
[SourceDate "2006.05.01"]
[WhiteTeam "Notts 1"]
[BlackTeam "Monmouth"]

1. e4 e5 2. Nf3 Nf6 3. Nc3 Bb4 4. d3 Nc6 5. Be2 d5 6. exd5 Nxd5 7. Bd2 Nxc3 8.
Bxc3 Bxc3+ 9. bxc3 Bf5 10. O-O O-O 11. Nd2 Qf6 12. Bf3 Rad8 13. Qe2 Rfe8 14.
Rfe1 Qe6 15. Qf1 f6 16. Nb3 Qd6 17. Re3 b6 18. Rae1 Bg6 19. d4 Bxc2 20. Qc4+
Re6 21. d5 Bxb3 22. axb3 Na5 23. Qa6 Ree8 24. b4 Nb3 25. Qa2 Nc5 26. bxc5 Qxc5
27. Be4 g6 28. Rg3 Kg7 29. h4 f5 30. Bxf5 Rxd5 31. Qb1 Rf8 32. Bxg6 Qxf2+ 33.
Kh2 Rf4 34. Be4+ Kf6 35. Bxd5 Rxh4+ 36. Rh3 Qf4+ 37. Kg1 1-0

[Event "4NCL/Div4/CELT vs. ATH1"]
[Site "West Bromwich ENG"]
[Date "2006.05.29"]
[Round "11.1"]
[White "Thomas, Robert K"]
[Black "van Voorthuijsen, Pieter W"]
[Result "0-1"]
[WhiteElo "2140"]
[BlackElo "2220"]
[PlyCount "68"]
[EventDate "2006.05.29"]
[EventType "team"]
[EventRounds "11"]
[EventCountry "ENG"]
[SourceDate "2006.05.01"]
[WhiteTeam "Celtic Tigers"]
[BlackTeam "Athenaeum 1"]

1. d4 Nf6 2. c4 e6 3. Nc3 d5 4. cxd5 exd5 5. Bg5 Be7 6. Qc2 c6 7. e3 Nbd7 8.
Bd3 Nh5 9. Bxe7 Qxe7 10. Nge2 g6 11. O-O f5 12. Rae1 O-O 13. Ng3 Nxg3 14. hxg3
Qg5 15. Ne2 Nf6 16. Nf4 Ne4 17. b4 a6 18. a4 Qf6 19. Be2 g5 20. Nd3 Qd6 21. Bf3
Rf6 22. Rb1 Rh6 23. Ne5 Nf6 24. Qc5 Qd8 25. Rfc1 g4 26. Bd1 Ne4 27. Qc2 Qg5 28.
Kf1 Nxg3+ 29. Ke1 Rh1+ 30. Kd2 Ne4+ 31. Ke2 Rh2 32. b5 axb5 33. axb5 Rxg2 34.
Nd3 Qh4 0-1

[Event "4NCL/Div4/CELT vs. ATH1"]
[Site "West Bromwich ENG"]
[Date "2006.05.29"]
[Round "11.2"]
[White "Stevenson, James A B"]
[Black "Haldane, Robin"]
[Result "0-1"]
[WhiteElo "2195"]
[BlackElo "2105"]
[PlyCount "126"]
[EventDate "2006.05.29"]
[EventType "team"]
[EventRounds "11"]
[EventCountry "ENG"]
[SourceDate "2006.05.01"]
[WhiteTeam "Athenaeum 1"]
[BlackTeam "Celtic Tigers"]

1. e4 e5 2. Nf3 Nc6 3. Bb5 a6 4. Bxc6 dxc6 5. O-O Bg4 6. h3 h5 7. d3 Qf6 8. Be3
Bxf3 9. Qxf3 Qxf3 10. gxf3 O-O-O 11. Nd2 f5 12. f4 g5 13. fxg5 f4 14. Ba7 b6
15. Nc4 Bg7 16. Bxb6 cxb6 17. Nxb6+ Kc7 18. Nc4 Ne7 19. f3 Ng6 20. Kf2 h4 21.
Rg1 Bf8 22. Ke2 Bc5 23. Rg4 Rh5 24. Rh1 Kd7 25. Rh2 Ke6 26. Na5 Bb6 27. Nc4 Bc7
28. Rhg2 Rg8 29. Rg1 Rg7 30. c3 Nh8 31. d4 Rg6 32. Rd1 Nf7 33. d5+ cxd5 34.
Rxd5 Rgxg5 35. Rc5 Kd7 36. Rd5+ Kc8 37. b4 Rxg4 38. hxg4 Rh6 39. Rd1 Ng5 40.
Nd2 Rd6 41. Rh1 h3 42. Nb3 Bb6 43. Nd2 Rxd2+ 44. Kxd2 Nxf3+ 45. Kd3 Ng5 46. Kc4
f3 47. Kd5 f2 48. Kc6 Nf3 49. Rf1 h2 50. Kxb6 Ng1 51. Rxf2 h1=Q 52. Rf8+ Kd7
53. Rf7+ Ke6 54. Rc7 Qxe4 55. Kxa6 Qxg4 56. c4 Qf3 57. b5 Ne2 58. c5 Qa8+ 59.
Ra7 Qc8+ 60. Kb6 Nc3 61. c6 Nd5+ 62. Ka5 Qf8 63. Ka6 Qc5 0-1

[Event "4NCL/Div4/CELT vs. ATH1"]
[Site "West Bromwich ENG"]
[Date "2006.05.29"]
[Round "11.3"]
[White "Evans, Craig"]
[Black "Pedersen, Carsten"]
[Result "0-1"]
[WhiteElo "1954"]
[BlackElo "2175"]
[PlyCount "72"]
[EventDate "2006.05.29"]
[EventType "team"]
[EventRounds "11"]
[EventCountry "ENG"]
[SourceDate "2006.05.01"]
[WhiteTeam "Celtic Tigers"]
[BlackTeam "Athenaeum 1"]

1. e4 e6 2. d4 d5 3. Nc3 Bb4 4. e5 c5 5. Qg4 Ne7 6. Nf3 Nbc6 7. Bd2 Nf5 8. dxc5
Bxc5 9. Bd3 h5 10. Qf4 Nce7 11. Nh4 Nxh4 12. Qxh4 a6 13. O-O Bd7 14. Kh1 Qc7
15. f4 O-O-O 16. Ne2 Bb5 17. Bxb5 axb5 18. Qe1 Nf5 19. a4 bxa4 20. Rxa4 Kd7 21.
Qa1 Qc6 22. Rf3 h4 23. h3 b5 24. Ra7+ Bxa7 25. Qxa7+ Qc7 26. Qxc7+ Kxc7 27.
Ba5+ Kb7 28. Bxd8 Rxd8 29. Ra3 Rc8 30. c3 Rc4 31. Rb3 Re4 32. Ng1 Kb6 33. Rb4
Ng3+ 34. Kh2 Kc5 35. Rxe4 dxe4 36. b3 Kd5 0-1

[Event "4NCL/Div4/CELT vs. ATH1"]
[Site "West Bromwich ENG"]
[Date "2006.05.29"]
[Round "11.4"]
[White "Quinn, John M"]
[Black "Kitchen, Peter J"]
[Result "1/2-1/2"]
[WhiteElo "2080"]
[BlackElo "1716"]
[PlyCount "95"]
[EventDate "2006.05.29"]
[EventType "team"]
[EventRounds "11"]
[EventCountry "ENG"]
[SourceDate "2006.05.01"]
[WhiteTeam "Athenaeum 1"]
[BlackTeam "Celtic Tigers"]

1. d4 e6 2. c4 d5 3. Nc3 Nf6 4. Bg5 Be7 5. e3 h6 6. Bh4 O-O 7. cxd5 Nxd5 8.
Bxe7 Qxe7 9. Nf3 Nxc3 10. bxc3 b6 11. Bd3 Bb7 12. O-O Nd7 13. Qe2 c5 14. Rac1
Rac8 15. e4 cxd4 16. cxd4 Nf6 17. h3 Rfd8 18. Qe3 Qd7 19. Qf4 Rxc1 20. Rxc1 Rc8
21. Rxc8+ Qxc8 22. e5 Nd5 23. Qe4 Nf6 24. Qe1 Nd5 25. Be4 Qc4 26. a3 Ba6 27.
Bxd5 Qxd5 28. Kh2 Qb3 29. Qe4 Qd5 30. Qxd5 exd5 31. Kg3 Kf8 32. h4 Ke7 33. Kf4
Ke6 34. g4 Be2 35. Nd2 f6 36. exf6 gxf6 37. Nb1 Bc4 38. Nc3 Bd3 39. Ke3 Bc4 40.
Kf4 Bd3 41. Ke3 Bc4 42. f4 b5 43. Kd2 a5 44. Kc2 Bf1 45. Nd1 Be2 46. Ne3 Bf3
47. Kc3 Be4 48. Kb3 1/2-1/2

[Event "4NCL/Div4/CELT vs. ATH1"]
[Site "West Bromwich ENG"]
[Date "2006.05.29"]
[Round "11.5"]
[White "Kitchen, Michael J"]
[Black "McLaughlin, Noel"]
[Result "0-1"]
[WhiteElo "1765"]
[BlackElo "2030"]
[PlyCount "54"]
[EventDate "2006.05.29"]
[EventType "team"]
[EventRounds "11"]
[EventCountry "ENG"]
[SourceDate "2006.05.01"]
[WhiteTeam "Celtic Tigers"]
[BlackTeam "Athenaeum 1"]

1. d4 f5 2. g3 Nf6 3. Nf3 g6 4. Bg2 Bg7 5. O-O O-O 6. c3 c6 7. e3 Qe8 8. Nbd2
d6 9. Qe2 e5 10. dxe5 dxe5 11. Nc4 e4 12. Nfd2 Be6 13. f4 b5 14. Na5 Nd5 15.
Nab3 Na6 16. a3 Nb6 17. Bh3 h5 18. Kh1 c5 19. Rg1 Bf7 20. Qxb5 Nc7 21. Qxc5 Rc8
22. Nd4 Bd5 23. Nc6 Ne6 24. Ne7+ Kh7 25. Qb4 Rb8 26. Nxd5 Nxd5 27. Qc5 Nxc5 0-1

[Event "4NCL/Div4/CELT vs. ATH1"]
[Site "West Bromwich ENG"]
[Date "2006.05.29"]
[Round "11.6"]
[White "Kay, Jonathan"]
[Black "Bannon, Senan"]
[Result "1-0"]
[WhiteElo "1940"]
[BlackElo "1284"]
[PlyCount "46"]
[EventDate "2006.05.29"]
[EventType "team"]
[EventRounds "11"]
[EventCountry "ENG"]
[SourceDate "2006.05.01"]
[WhiteTeam "Athenaeum 1"]
[BlackTeam "Celtic Tigers"]

1. e4 c5 2. Nf3 d6 3. c3 e6 4. d4 cxd4 5. cxd4 d5 6. e5 Nc6 7. Nc3 a6 8. Bd3
Nge7 9. O-O g6 10. Bg5 h6 11. Bf6 Rg8 12. Rc1 Bg7 13. Bxg7 Rxg7 14. Qd2 g5 15.
h3 Kd7 16. Rfe1 Qg8 17. Na4 g4 18. hxg4 Rxg4 19. g3 h5 20. Nb6+ Ke8 21. Nxa8 h4
22. Nh2 Nxd4 23. Nxg4 Nf3+ 1-0

[Event "4NCL/Div4/SLOS4 vs. CAMB2"]
[Site "West Bromwich ENG"]
[Date "2006.05.29"]
[Round "11.1"]
[White "Edgell, Ben P"]
[Black "Cooley, Oliver"]
[Result "0-1"]
[WhiteElo "2095"]
[BlackElo "2085"]
[PlyCount "60"]
[EventDate "2006.05.29"]
[EventType "team"]
[EventRounds "11"]
[EventCountry "ENG"]
[SourceDate "2006.05.01"]
[WhiteTeam "Slough Sharks 4"]
[BlackTeam "Cambridge Uni 2 "]

1. d4 Nf6 2. Nf3 g6 3. g3 Bg7 4. Bg2 c5 5. d5 d6 6. O-O b5 7. Re1 O-O 8. e4
Nbd7 9. c3 Rb8 10. Qc2 c4 11. Nd4 Ne5 12. h3 Bd7 13. Nd2 Qc8 14. Kh2 Nd3 15.
Re2 e5 16. N4f3 Nh5 17. Ne1 Nhf4 18. gxf4 Nxf4 19. Re3 Bh6 20. Rg3 f5 21. Nf1
fxe4 22. Ne3 Nd3 23. Nxd3 exd3 24. Qd1 Bf4 25. Nf1 Bxg3+ 26. fxg3 Rf2 27. Kg1
Rf7 28. Kh2 Rf2 29. Kg1 Re2 30. Bf3 Qc5+ 0-1

[Event "4NCL/Div4/SLOS4 vs. CAMB2"]
[Site "West Bromwich ENG"]
[Date "2006.05.29"]
[Round "11.2"]
[White "Low, Ying Min"]
[Black "Sparkes, Daniel A"]
[Result "1/2-1/2"]
[WhiteElo "2050"]
[BlackElo "2030"]
[PlyCount "93"]
[EventDate "2006.05.29"]
[EventType "team"]
[EventRounds "11"]
[EventCountry "ENG"]
[SourceDate "2006.05.01"]
[WhiteTeam "Cambridge Uni 2 "]
[BlackTeam "Slough Sharks 4"]

1. d4 Nf6 2. c4 c5 3. Nf3 g6 4. Nc3 Bg7 5. d5 d6 6. e4 Bg4 7. Be2 Bxf3 8. Bxf3
Nbd7 9. O-O Qb6 10. Rb1 O-O 11. Be3 Rfc8 12. Be2 a6 13. Kh1 Qc7 14. f4 b6 15.
g4 h6 16. Qe1 Nh7 17. Qh4 Qd8 18. Qg3 Qc7 19. Rf3 Rf8 20. Qh4 Rae8 21. Rh3 Qd8
22. Rd1 f6 23. g5 fxg5 24. fxg5 Ne5 25. gxh6 Bf6 26. Qg3 Kh8 27. Bg4 Nxg4 28.
Qxg4 Rg8 29. Qg2 g5 30. Bc1 Rg6 31. Ne2 Reg8 32. Ng3 g4 33. Rh5 Ng5 34. Bxg5
Bxg5 35. Nf5 Bf6 36. Nh4 Bxh4 37. Rxh4 e5 38. Rh5 Rg5 39. Rxg5 Qxg5 40. Rf1
Qxh6 41. Qf2 Kh7 42. Qf6 b5 43. b3 Rg6 44. Qf8 bxc4 45. Qxh6+ Kxh6 46. bxc4 Kg7
47. Rb1 1/2-1/2

[Event "4NCL/Div4/SLOS4 vs. CAMB2"]
[Site "West Bromwich ENG"]
[Date "2006.05.29"]
[Round "11.3"]
[White "Varnam, Liam D"]
[Black "Gooding, Ian"]
[Result "0-1"]
[WhiteElo "2110"]
[BlackElo "2100"]
[PlyCount "94"]
[EventDate "2006.05.29"]
[EventType "team"]
[EventRounds "11"]
[EventCountry "ENG"]
[SourceDate "2006.05.01"]
[WhiteTeam "Slough Sharks 4"]
[BlackTeam "Cambridge Uni 2 "]

1. e4 e6 2. d4 d5 3. e5 c5 4. c3 Nc6 5. Nf3 Bd7 6. Be2 Nge7 7. a3 Ng6 8. b4
cxd4 9. cxd4 Be7 10. O-O O-O 11. Be3 f6 12. exf6 Bxf6 13. Nbd2 e5 14. Nb3 e4
15. Nfd2 Nh4 16. b5 Ne7 17. Nc5 b6 18. Nxd7 Qxd7 19. Qb3 Kh8 20. Rfd1 Nhf5 21.
Nf1 Rac8 22. a4 Rc7 23. Qb4 Rfc8 24. Ra3 Rc2 25. Rd2 Rc1 26. Rda2 Nxe3 27. fxe3
Bg5 28. Ra1 Qc7 29. Bg4 Rf8 30. Be2 Bxe3+ 31. Kh1 Rxa1 32. Rxa1 Bg5 33. a5 Qf4
34. axb6 axb6 35. Ng3 Qd2 36. Qxd2 Bxd2 37. Ra7 Ng6 38. Rd7 Nf4 39. h3 g6 40.
Bd1 Bc3 41. Ne2 Nxe2 42. Bxe2 Rf2 43. Bg4 e3 44. Rxd5 e2 45. Bxe2 Rxe2 46. Rd6
Be1 47. g4 Ba5 0-1

[Event "4NCL/Div4/SLOS4 vs. CAMB2"]
[Site "West Bromwich ENG"]
[Date "2006.05.29"]
[Round "11.4"]
[White "Spencer, Carl"]
[Black "Makepeace, Philip J"]
[Result "1-0"]
[WhiteElo "1995"]
[BlackElo "2050"]
[PlyCount "79"]
[EventDate "2006.05.29"]
[EventType "team"]
[EventRounds "11"]
[EventCountry "ENG"]
[SourceDate "2006.05.01"]
[WhiteTeam "Cambridge Uni 2 "]
[BlackTeam "Slough Sharks 4"]

1. e4 c6 2. d4 d5 3. Nc3 dxe4 4. f3 e3 5. Bxe3 Nf6 6. Bc4 e6 7. Nge2 Bd6 8. Qd2
b6 9. O-O-O Ba6 10. Bxa6 Nxa6 11. Bg5 Nb4 12. Kb1 a5 13. Ne4 Be7 14. h4 b5 15.
g4 Nbd5 16. Bxf6 gxf6 17. Nf4 h6 18. Rhe1 Qc7 19. Nxd5 cxd5 20. Nc5 Rc8 21. f4
Bxc5 22. dxc5 Qxc5 23. g5 hxg5 24. hxg5 fxg5 25. f5 Kd7 26. fxe6+ fxe6 27. Qxg5
Rhg8 28. Qf4 Qxc2+ 29. Ka1 Rcf8 30. Qe5 Qc6 31. Rh1 Rf7 32. Rc1 Qd6 33. Qd4 Ra8
34. Rc5 Raf8 35. a3 Rf4 36. Rh7+ Kd8 37. Qc3 Rc4 38. Qxa5+ Ke8 39. Qa8+ Qd8 40.
Qc6+ 1-0

[Event "4NCL/Div4/SLOS4 vs. CAMB2"]
[Site "West Bromwich ENG"]
[Date "2006.05.29"]
[Round "11.5"]
[White "Coates, David"]
[Black "Campbell, Mark"]
[Result "1-0"]
[WhiteElo "2025"]
[BlackElo "2005"]
[PlyCount "59"]
[EventDate "2006.05.29"]
[EventType "team"]
[EventRounds "11"]
[EventCountry "ENG"]
[SourceDate "2006.05.01"]
[WhiteTeam "Slough Sharks 4"]
[BlackTeam "Cambridge Uni 2 "]

1. e4 c5 2. c3 Nf6 3. e5 Nd5 4. d4 cxd4 5. Nf3 e6 6. cxd4 b6 7. Nc3 Nxc3 8.
bxc3 Qc7 9. Bd2 Bb7 10. Bd3 d6 11. O-O Nd7 12. Re1 dxe5 13. Nxe5 Nxe5 14. Rxe5
Bd6 15. Rh5 g6 16. Rh3 O-O 17. Bh6 Rfe8 18. Qg4 Rac8 19. Rc1 e5 20. Bg5 exd4
21. Rxh7 f5 22. Rxc7 fxg4 23. Rxb7 dxc3 24. Bxg6 Re2 25. Bh7+ Kf8 26. Bh6+ Ke8
27. Bg6+ Kd8 28. Bg5+ Be7 29. Rd1+ Rd2 30. Bxe7# 1-0

[Event "4NCL/Div4/SLOS4 vs. CAMB2"]
[Site "West Bromwich ENG"]
[Date "2006.05.29"]
[Round "11.6"]
[White "Kreuzer, Christopher"]
[Black "Winchcombe, Andrew"]
[Result "1-0"]
[WhiteElo "1995"]
[BlackElo "1870"]
[PlyCount "111"]
[EventDate "2006.05.29"]
[EventType "team"]
[EventRounds "11"]
[EventCountry "ENG"]
[SourceDate "2006.05.01"]
[WhiteTeam "Cambridge Uni 2 "]
[BlackTeam "Slough Sharks 4"]

1. e4 e6 2. d4 d5 3. Nd2 c5 4. dxc5 Bxc5 5. Nb3 Bb6 6. exd5 exd5 7. Nf3 Nc6 8.
Bd3 Nge7 9. O-O O-O 10. Bg5 f6 11. Bf4 Bg4 12. Be2 Ng6 13. Bg3 Be6 14. Nfd4 Bd7
15. c4 Re8 16. Nb5 dxc4 17. Bxc4+ Be6 18. Qg4 Qe7 19. Nd6 Nge5 20. Qxe6+ Qxe6
21. Bxe6+ Rxe6 22. Nxb7 Nd3 23. Rab1 Re2 24. Nc1 Nxc1 25. Rfxc1 Nb4 26. Kf1 Rd2
27. Rd1 Rc2 28. a3 Nc6 29. Rbc1 Nd4 30. Rxc2 Nxc2 31. Rd2 Nd4 32. Nd6 Rd8 33.
b4 Nb5 34. a4 Nc3 35. a5 Bc7 36. Rc2 Bxd6 37. Bxd6 Nb5 38. Bc5 Na3 39. Rc1 Nb5
40. Re1 a6 41. Bb6 Rc8 42. Rd1 Kf7 43. Bc5 Ke6 44. Rd3 g5 45. g4 h6 46. Re3+
Kf7 47. Kg2 Rd8 48. Re7+ Kg6 49. Re6 Ra8 50. Rc6 Kf7 51. h4 Kg7 52. Be7 gxh4
53. Bxf6+ Kh7 54. Kh3 Kg8 55. Kxh4 Kh7 56. f4 1-0

[Event "4NCL/Div4/CONQ vs. GUI5"]
[Site "West Bromwich ENG"]
[Date "2006.05.29"]
[Round "11.1"]
[White "Prizant, Michael"]
[Black "Smart, Michael R"]
[Result "1-0"]
[WhiteElo "2135"]
[BlackElo "2070"]
[PlyCount "85"]
[EventDate "2006.05.29"]
[EventType "team"]
[EventRounds "11"]
[EventCountry "ENG"]
[SourceDate "2006.05.01"]
[WhiteTeam "Conquistadors"]
[BlackTeam "Guildford-ADC 5"]

1. e4 Nf6 2. e5 Nd5 3. Nc3 c6 4. Nxd5 cxd5 5. d4 d6 6. Nf3 Nc6 7. Bf4 dxe5 8.
dxe5 Bg4 9. Be2 Qa5+ 10. c3 e6 11. O-O Be7 12. h3 Bh5 13. Re1 h6 14. b4 Qc7 15.
Qd2 g5 16. Bg3 Bxf3 17. Bxf3 h5 18. a4 O-O-O 19. a5 g4 20. hxg4 hxg4 21. Bxg4
Rdg8 22. f3 Kb8 23. Bf4 Bh4 24. Re2 Rg7 25. c4 d4 26. b5 d3 27. Re4 Rgh7 28.
Bh3 Ne7 29. Qxd3 Nf5 30. Bxf5 exf5 31. e6 Bg3 32. Bxc7+ Kxc7 33. Kf1 fxe6 34.
b6+ axb6 35. axb6+ Kb8 36. Rxe6 Rh1+ 37. Ke2 Rxa1 38. Qxf5 Re1+ 39. Kd2 Rd8+
40. Kc2 Ra1 41. f4 Ra2+ 42. Kb3 Ra6 43. c5 1-0

[Event "4NCL/Div4/CONQ vs. GUI5"]
[Site "West Bromwich ENG"]
[Date "2006.05.29"]
[Round "11.2"]
[White "Hill, David F"]
[Black "Foster, James C"]
[Result "1-0"]
[WhiteElo "2070"]
[BlackElo "1950"]
[PlyCount "23"]
[EventDate "2006.05.29"]
[EventType "team"]
[EventRounds "11"]
[EventCountry "ENG"]
[SourceDate "2006.05.01"]
[WhiteTeam "Guildford-ADC 5"]
[BlackTeam "Conquistadors"]

1. c4 e6 2. Nc3 b6 3. Nf3 Bb7 4. e4 c5 5. Bd3 Nc6 6. O-O d6 7. Bc2 e5 8. Nd5 g6
9. Ba4 Bg7 10. d3 Nge7 11. Bg5 O-O 12. Bxc6 1-0